00722cam a22002054a 4500999001700000001000900017005001700026008004100043010001700084020003400101050002200135100001900157245003800176260004500214300003400259600002900293650003700322942003400359952012300393 c18888d188881287936120170114103636.0020801s2002 caua c 000 0 eng  a 2002031963 a1580084397 (paper with flaps)00aND237.H755A4 20021 aHopper, Pegge.10aWomen of Hawai'i /cPegge Hopper. aBerkeley, CA :bTen Speed Press,cc2002. a120 p. :bcol. ill. ;c26 cm.10aHopper, PeggevCatalogs. 0aHawaiian women in artvCatalogs. 2lcccBOOKShND237.H755A4 2002 00102lcc4070aMUCbMUCcTECHd2017-01-14eDonation(BFA)l0oND237.H755A4 2002p29439r2018-07-13w2017-01-14yBOOKS